[Event "Hastings 9293"]
[Site "Hastings"]
[Date "1992.??.??"]
[Round "6"]
[White "Polgar, Judit"]
[Black "Sadler, Matthew D"]
[Result "1-0"]
[WhiteElo "2575"]
[BlackElo "2515"]
[Annotator "Boensch,U"]
[PlyCount "51"]
[EventDate "1992.12.??"]
[EventType "tourn"]
[EventRounds "14"]
[EventCountry "ENG"]
[EventCategory "13"]
[SourceTitle "CBM 033"]
[Source "ChessBase"]
[SourceDate "1993.04.01"]
[SourceVersion "1"]
[SourceVersionDate "1993.04.01"]
[SourceQuality "1"]

1. e4 c5 2. Nf3 d6 3. d4 cxd4 4. Nxd4 Nf6 5. Nc3 a6 6. f4 Nbd7 (6... Qc7 {
- Anand,V-Kasparov,G (04) Paris Immopar 1992 -CBM 33}) 7. Qf3 e5 (7... g6 8.
Be3 e5 9. Nb3 exf4 10. Bxf4 Ne5 11. Bxe5 dxe5 12. Bc4 Bg7 13. O-O O-O $15 {
Radulov,I-Ljubojevic,L Indonesia 1983 0-1}) 8. Nf5 g6 $6 (8... b5 9. Bd3 g6 10.
Ne3 exf4 11. Qxf4 Ne5 12. Ned5 Nxd5 13. Nxd5 Bg7 14. Be3 Rb8 15. Be2 Be6 16.
O-O Bxd5 17. exd5 O-O 18. c3 a5 19. Bd4 Qd7 {1/2 Dolmatov,S-Polugaevski,L
Akureyri 1988}) 9. Ne3 exf4 10. Ned5 Nxd5 (10... g5 11. Nxf6+ Nxf6 12. h4 $16)
11. Nxd5 Ne5 12. Qxf4 Bg7 13. Be3 O-O 14. Nb6 $1 Ng4 $6 (14... Rb8 15. h3 {
/\ O-O-O +/-} (15. O-O-O Ng4 16. Rxd6 Qc7 $13)) 15. Nxa8 Bh6 16. Bb6 $1 Qe7 (
16... Bxf4 17. Bxd8 Rxd8 18. Nb6 $16) 17. Qf3 d5 (17... Bf5 18. Nc7 Bxe4 19.
Qe2 $18) 18. Be2 Qb4+ (18... dxe4 19. Qa3 $18) 19. Qc3 Qxe4 20. O-O $1 $18 Qxe2
21. Rae1 Qb5 22. Bd4 Bd7 23. Nc7 Qc6 24. h3 Rc8 25. Qf3 Nf6 26. Nxd5 $1 {
Boensch} (26. Nxd5 Qxd5 (26... Nxd5 27. Qxf7#) 27. Qxf6 $18) (26. Qxf6 $18) 1-0

[Event "Reykjavik Summit"]
[Site "Reykjavik"]
[Date "1990.??.??"]
[Round "?"]
[White "King, Daniel J"]
[Black "Arnason, Jon Loftur"]
[Result "1/2-1/2"]
[WhiteElo "2515"]
[BlackElo "2500"]
[Annotator "Boensch,U"]
[PlyCount "41"]
[EventDate "1990.03.??"]
[EventType "team"]
[EventRounds "6"]
[EventCountry "ISL"]
[SourceTitle "CBM 018"]
[Source "ChessBase"]
[SourceDate "1990.10.01"]
[SourceVersion "1"]
[SourceVersionDate "1990.10.01"]
[SourceQuality "1"]

1. e4 {Bönsch} c5 2. Nf3 d6 3. d4 cxd4 4. Nxd4 Nf6 5. Nc3 a6 6. f4 Nbd7 7. a4
e5 8. Nf3 d5 {(Odeev)} (8... Be7 9. Bc4 Qa5 10. Qe2 O-O 11. O-O exf4 (11... b5
12. Bb3 b4 13. Nd5 Nxd5 14. Bxd5 Bb7 $1 $10 {(Vera) Inf.48/365}) 12. Bxf4 Ne5
13. Bb3 Be6 {Lukin - Vera Leningrad 1989}) 9. exd5 (9. fxe5 Nxe4 10. Qxd5 Nxc3
11. bxc3 Qc7 12. Bd2 Nc5 13. Bd3 Bg4 14. O-O Be6 15. Qd4 Nb3 {Ulybin - Odeev
UdSSR 1989}) 9... e4 10. Ne5 (10. Ng5 Bb4 $1 11. Qd4 Qb6 12. Qxb6 Nxb6 13. Bd2
Bf5 14. g3 h6 15. Nh3 Nbxd5 $17 {(Odeev) - Inf.47/318}) 10... Bb4 11. Bc4 Nxe5
12. fxe5 Qc7 13. O-O (13. exf6 Qxc4 14. fxg7 Bxc3+ 15. bxc3 Qxc3+ 16. Bd2 Qxg7
$13) 13... Bg4 14. Qe1 Qxe5 15. Kh1 Rc8 16. Bf4 Qd4 17. Bb3 Rxc3 18. bxc3 Bxc3
19. Be3 Qe5 (19... Bxe1 $2 20. Bxd4 Bd2 21. h3 $16) 20. Bf4 Qd4 21. Be3 1/2-1/2

[Event "Vienna"]
[Site "Vienna"]
[Date "1991.??.??"]
[Round "2"]
[White "Kindermann, Stefan"]
[Black "Polgar, Judit"]
[Result "0-1"]
[WhiteElo "2500"]
[BlackElo "2550"]
[Annotator "Boensch,U"]
[PlyCount "104"]
[EventDate "1991.10.??"]
[EventType "tourn"]
[EventRounds "9"]
[EventCountry "AUT"]
[EventCategory "12"]
[SourceTitle "CBM 026"]
[Source "ChessBase"]
[SourceDate "1992.02.01"]
[SourceVersion "1"]
[SourceVersionDate "1992.02.01"]
[SourceQuality "1"]

1. e4 {Boensch} c5 2. Nf3 d6 3. d4 cxd4 4. Nxd4 Nf6 5. Nc3 a6 6. f4 Qc7 7. Nf3
Nbd7 8. a4 g6 9. Bd3 Bg7 10. O-O O-O 11. Qe1 b6 12. Qh4 Bb7 13. Kh1 e6 14. Be3
Rfe8 (14... Rae8 15. Rae1 Nc5 16. f5 Nxd3 17. cxd3 Nd7 18. Bh6 f6 19. Bxg7 Kxg7
20. fxe6 Rxe6 21. d4 $16 {Balashov,Y-Psakhis,L USSR (ch) 1985 -Inf.39/328}) 15.
Rae1 h6 16. Nd2 Nc5 17. Bd4 Qd8 18. Bg1 Nfd7 19. Qh3 Bc6 20. Nc4 Qc7 21. e5
dxe5 22. fxe5 Rf8 (22... Nxe5 $5 23. Nxe5 Bxe5 24. Bxc5 bxc5 25. Qxh6 $13) 23.
Bxc5 Nxc5 24. Be4 Nxe4 25. Nxe4 Bxe4 26. Rxe4 b5 27. Ne3 (27. axb5 axb5 28. Ne3
Ra4 $1) 27... bxa4 28. Nc4 Rad8 29. Qf3 Rd5 30. Qe2 a5 31. h3 Qc5 32. Rf3 Rfd8
33. Rd3 Rb8 34. Rf3 Rb4 35. c3 Rb8 36. Rf1 Qb5 37. Qf3 Rf8 38. Rf4 Rd7 39. Qe4
g5 $1 40. R4f3 (40. Rg4 Rc8 41. Re1 h5 $19) 40... Rc7 $19 41. Ne3 a3 42. bxa3
Qxe5 43. Qb1 f5 44. c4 Rd7 45. c5 Rc8 46. Qb5 Rdc7 47. Qxa5 Rxc5 48. Qd2 Kh8
49. Re1 Qd4 50. Qa2 Re5 51. Rd1 Qa4 52. Qb1 f4 (52... f4 53. Ng4 Rb5 $19) 0-1

[Event "Helsinki op"]
[Site "Helsinki"]
[Date "1992.??.??"]
[Round "3"]
[White "Dvoirys, Semen I"]
[Black "Neverov, Valeriy"]
[Result "0-1"]
[WhiteElo "2570"]
[BlackElo "2490"]
[Annotator "Boensch,U"]
[PlyCount "52"]
[EventDate "1992.09.??"]
[EventType "swiss"]
[EventRounds "9"]
[EventCountry "FIN"]
[SourceTitle "CBM 032"]
[Source "ChessBase"]
[SourceDate "1993.02.01"]
[SourceVersion "1"]
[SourceVersionDate "1993.02.01"]
[SourceQuality "1"]

1. e4 c5 2. Nf3 d6 3. d4 cxd4 4. Nxd4 Nf6 5. Nc3 a6 6. f4 e5 7. Nf3 Nbd7 8. Bd3
(8. a4 Be7 9. Bd3 O-O 10. O-O Nc5 11. Kh1 exf4 12. Bxf4 Bg4 13. Qd2 Bh5 14. Nd4
Bg6 15. Nf5 Bxf5 16. exf5 d5 17. Be5 Ncd7 18. Bd4 Bc5 19. Qf4 {1/2
Milos-Brunner,L Buenos Aires 1992 -Inf.54/246}) 8... Be7 (8... b5 9. O-O Bb7
10. a3 Be7 11. Kh1 O-O 12. Nh4 g6 13. f5 Nc5 14. Bh6 Re8 15. Qf3 Kh8 (15... d5
$5) 16. Bg5 Nfxe4 17. Bxe4 Nxe4 18. Nxe4 Bxg5 19. Nxg5 Qxg5 20. Qxb7 Qxh4 21.
Qxf7 {1/2 Tonkov,B-Zagrebelny,S Skopje 1990 -Inf.51/249}) 9. O-O O-O 10. Kh1 b5
11. Qe1 Bb7 12. fxe5 Nxe5 13. a3 Nxf3 14. gxf3 $6 (14. Rxf3 Ng4 $10) 14... Re8
15. Qg3 g6 16. Qh3 d5 17. e5 Qd7 $1 18. Qg2 Nh5 19. Bh6 Bc5 20. f4 $2 (20. Rae1
Bd4 $15) 20... f5 $3 $19 {/\ d4} 21. exf6 Nxf6 22. Bxg6 (22. Rae1 d4 23. Ne4
Kh8 $19) 22... hxg6 23. Qxg6+ Kh8 24. Qxf6+ Kh7 25. Rf3 d4 26. Raf1 Re1 $1 (
26... Re1 27. Rxe1 Bxf3+ 28. Kg1 dxc3+ 29. Kf1 Qh3#) 0-1

[Event "Parnu-A"]
[Site "Parnu"]
[Date "1996.02.13"]
[Round "10"]
[White "Ehlvest, Jaan"]
[Black "Short, Nigel D"]
[Result "0-1"]
[WhiteElo "2660"]
[BlackElo "2665"]
[Annotator "Boensch,U"]
[PlyCount "80"]
[EventDate "1996.02.??"]
[EventType "tourn"]
[EventRounds "10"]
[EventCountry "EST"]
[EventCategory "17"]
[SourceTitle "CBM 052"]
[Source "ChessBase"]
[SourceDate "1996.06.01"]
[SourceVersion "1"]
[SourceVersionDate "1996.06.01"]
[SourceQuality "1"]

{Baburin: In this game we can examine one particular pawn structure, which
often arises in the Sicilian defence, if Black plays d7-d6 and e7-e5 (e6-e5).
Some positions of this kind I examined already in CBM 47, talking about the
Sicilian outpost on d5. Here we have games where Black manages to control this
vital square well and eventually plays d6-d5! with great effect.} 1. e4 {
Baburin} c5 2. Nf3 d6 3. d4 cxd4 4. Nxd4 Nf6 5. Nc3 a6 6. Be2 Nbd7 7. f4 g6 8.
O-O Bg7 9. Bf3 (9. Be3 O-O 10. Qd2 Qc7 11. a4 Nc5 12. Bf3 Bg4 13. Nd5 Nxd5 14.
exd5 Bxf3 15. Rxf3 Rac8 $10 {Nunn,J-Ljubojevic,L London 1982 0-1 46}) (9. a4
O-O 10. Kh1 (10. Bf3 e5 11. fxe5 Nxe5 12. Kh1 h6 13. Bf4 Bd7 14. Be2 Rc8 15.
Qd2 Kh7 16. Rad1 Bg4 17. Bxg4 Nfxg4 18. Nd5 Nc4 19. Qe2 Nge5 20. b3 $14 {
Leko,P-Topalov,V/Belgrade Invest (03) ;CBM 51 1995/1-0 (58)}) 10... Qc7 (10...
Re8 11. Bf3 e5 12. Nb3 exf4 13. Bxf4 Ne5 14. Be2 Be6 15. Bg5 h6 16. Bh4 Rc8 17.
Nd4 Nc4 $10 {1/2-1/2 Leko,P-Lautier,J/Belgrade Invest (06) ;CBM 51 1995 (32)})
(10... b6 $2 11. Nc6 Qe8 12. e5 $18) 11. Bf3 (11. Be3 Re8 12. Bf3 Nb6 $6 13. e5
dxe5 14. Ndb5 axb5 15. Nxb5 Qd7 16. Bxb6 Rxa4 17. Qxd7 Bxd7 18. Nc7 Rc8 19.
fxe5 Ne8 $14 {Glek,I-Kupreichik,V URS-OT56 Blagoveshchensk 1988 1/2 45}) 11...
Re8 (11... Rb8 $5) 12. Nb3 Nb6 13. Qe1 Nc4 14. Be2 b6 15. Bd3 Bb7 16. Qe2 Rec8
$15 {Anand,V-Ivanchuk,V Linares m6 1992 1/2 46}) 9... O-O 10. Kh1 e6 $146 (
10... Qc7 11. g4 $146 (11. a4 e5 (11... Re8 12. Nb3 Rb8 13. a5 e6 14. Be3 b5
15. axb6 Nxb6 16. Na5 {1/2-1/2 Almasi,Z-Boensch,U/Altensteig (11) 1993}) 12.
Nb3 exf4 13. Bxf4 Ne5 14. Be2 (14. Bg5 $1 $14) 14... Be6 15. Nd4 Rae8 $10 {
Lukin,A-Kuczynski,R Groningen op (8) 1991 1/2 21} (15... Rae8 16. Bxe5 dxe5 17.
Nxe6 fxe6 18. Qd3 Rd8 19. Qc4 Qxc4 20. Bxc4 Kf7 21. Rad1 {1/2-1/2 Lukin,
A-Kuczynski,R/Groningen op (8) 1991})) 11... e5 (11... e6 $2 12. g5 Ne8 13. f5
$16) 12. Nde2 (12. Nb3 $6 exf4 13. g5 Ne8 14. Nd5 Qd8 $15) 12... exf4 13. g5
Ne8 14. Nxf4 Ne5 15. Nfd5 Qd8 16. Bg2 Be6 17. a4 Rc8 18. Ra3 $1 Nc4 19. Rb3 Na5
20. Rb4 Rc4 21. Rxc4 Nxc4 22. Qf3 Ne5 23. Qg3 f6 $1 $10 {Lau,R-Boensch,U/Graz
zt (07) 1993/0-1 (53)}) 11. Nb3 Qc7 12. Be3 Nb6 13. Nd2 Rd8 (13... Nfd7 14. Qe2
Bxc3 15. bxc3 Qxc3 16. Rab1 $44) 14. a4 Rb8 (14... d5 $6 15. a5 $1 (15. e5 $2
d4 $10) 15... Nc4 (15... d4 $4 16. axb6 Qxb6 17. Bf2 $18) (15... Nbd7 16. e5
$16) 16. Nxc4 Qxc4 (16... dxe4 17. Bb6 Rxd1 18. Bxc7 Rxf1+ 19. Rxf1 exf3 20.
Nb6 $18) (16... dxc4 17. Qe2 $16) 17. Ra4 Qc6 18. Rd4 $16) 15. Qe2 Bd7 16. a5
Nc8 17. Rfd1 Bc6 18. Nb3 (18. Nc4 d5 19. exd5 Nxd5 20. Nxd5 Bxd5 21. Bxd5 exd5
22. Ne5 Bxe5 23. fxe5 Qxe5 24. Qf2 $44) 18... Re8 19. Bd4 Nd7 (19... e5 20.
fxe5 dxe5 21. Bc5 $16) 20. Bxg7 Kxg7 21. Qd2 e5 {Baburin: Taking away the
d4-square from White's pieces and fixing the e4-pawn.} 22. f5 Nf6 23. Nc1 b5
24. axb6 Rxb6 {Now the black Rook is active, already operating on the b-file
and will be able to protect the d6-pawn in the future, thus freeing the
c8-Knight. The potential weakness of the a6-pawn is irrelevant here.} 25. Nb3 (
25. Nd3 Ne7 {/\ d5}) 25... Ba8 26. Rf1 Ne7 27. Ra4 Rd8 28. Qf2 d5 $1 $15 {
Baburin: In the Sicilian defence this move is usually an indication that Black
is doing well. Der klassische Sizi-Konter, mit dem gefährlichen e-P und gegen
die geschwächte weiße K-Stellung hat Schwarz eine respektable Initiative.} 29.
Nxd5 Nexd5 30. exd5 Bxd5 31. Bxd5 Rxd5 32. fxg6 hxg6 33. Qe2 e4 34. Rc4 Qe5 35.
Rc3 Rbd6 36. g3 $2 {Schwächt die Stellung weiter.} a5 37. Ra1 Qg5 38. Rc4 (38.
Re3 Qh6 $1 39. c4 (39. Re1 a4 40. c4 Rd3 $19) (39. Kg1 Ng4 40. Rxe4 Rd1+ $1 41.
Rxd1 Rxd1+ 42. Qxd1 (42. Kg2 Qxh2+ 43. Kf3 Qh1+ 44. Kxg4 f5+ $19) 42... Qxh2+
43. Kf1 Qf2#) 39... Rd3 40. Rxd3 Rxd3 41. Ra3 (41. Qc2 Qe3 $19) (41. Nc5 Rd2
$19) 41... a4 $19) 38... Rd2 $1 39. h4 (39. Nxd2 Rxd2 40. Qf1 (40. h4 Qd5 41.
Qe3 (41. Qf1 e3+ 42. Kg1 e2 43. Qe1 Rd1 $19) 41... Rh2+ $1 $19) 40... Ng4 $19)
39... Qxh4+ 40. gxh4 Rxe2 {Der schwarze Vorteil steht außer Frage, man könnte
sich aber auch noch einige Züge zeigen lassen.} 0-1

[Event "Ptuj zt"]
[Site "Ptuj"]
[Date "1995.??.??"]
[Round "6"]
[White "Kindermann, Stefan"]
[Black "Landenbergue, Claude"]
[Result "1-0"]
[WhiteElo "2585"]
[BlackElo "2430"]
[Annotator "Boensch,U"]
[PlyCount "39"]
[EventDate "1995.04.??"]
[EventType "tourn"]
[EventRounds "15"]
[EventCountry "SLO"]
[EventCategory "10"]
[SourceTitle "CBM 047"]
[Source "ChessBase"]
[SourceDate "1995.08.01"]
[SourceVersion "1"]
[SourceVersionDate "1995.08.01"]
[SourceQuality "1"]

1. e4 c5 2. Nf3 d6 3. d4 cxd4 4. Nxd4 Nf6 5. Nc3 a6 6. f4 Qc7 7. Qf3 (7. a4) (
7. Bd3) (7. Be2) (7. Nf3 e6 8. a4 Be7 9. Bd3 Nbd7 10. O-O b6 11. Qe1 Bb7 12.
Kh1 Nc5 13. b4 Nxd3 14. cxd3 $14 {Polgar,J-Ljubojevic,L Monaco blind (08) 1993
1/4 65}) 7... g6 (7... Nc6 8. Nxc6 bxc6 9. b3 e5 10. Bb2 Bg4 11. Qg3 exf4 12.
Qxf4 Be7 13. Be2 Be6 14. O-O-O O-O 15. Qg3 Kh8 16. Rhf1 Rg8 17. Kb1 a5 18. Bd3
Nh5 19. Qf2 Nf6 20. Qg3 Nh5 21. Qf2 Nf6 {1/2 Leko,P-Gavrikov,V Horgen CS (07)
1994 - CBM 43}) 8. Be3 Bg7 9. h3 Nc6 $2 {Schwarz spielt zu schematisch und
gerät schnell in eine schlechte Stellung. Trotz der aufsehenderregenden
Niederlage des Weltmeisters gegen Ivanchuk in Amsterdam stellt 9...e5 die
bessere Wahl gegenüber 9...Nc6 dar. Die Partie zeigt sehr anschaulich, wohin
es führt, wenn man nur an die eigene Entwicklung denkt und nicht auf den
gegnerischen Aufbau achtet.} (9... e5 $5 10. fxe5 dxe5 11. Bh6 $1 Bxh6 $2 (
11... Nh5 $1 {Ivanchuk} 12. Bxg7 Nxg7 13. Nd5 Qa5+ 14. b4 Qd8 15. Nf6+ Kf8 16.
Nb3 Nf5 $1 $13) 12. Qxf6 O-O 13. Nd5 Qa5+ 14. b4 $14 {Ivanchuk,V-Kasparov,G
Amsterdam VSB (04) 1994 1-0 39}) (9... O-O {Ftacnik} 10. O-O-O e5 $13) 10.
O-O-O O-O 11. g4 Bd7 12. g5 {Jetzt ist es bereits soweit, der weiße Angriff
läuft auf Hochtouren.} Nh5 $6 (12... Ne8 13. Nd5 Qd8 $16) 13. Nd5 Qd8 (13...
Qa5 14. Bc4 $16 (14. Nxc6 $2 bxc6 15. Nxe7+ Kh8 16. Rxd6 Bxb2+ $1 $13)) 14. Nf5
$1 {Nutzt die Randstellung des Nh5 aus, dennoch bietet 14...gxf5 bessere
Chancen als die Partiefortsetzung, aber es ist sehr schwer sich in der
Variantenvielfalt zurechtzufinden.} Bxf5 $2 (14... gxf5 15. Bd3 $1 Qa5 (15...
e6 16. Nb6 (16. Qxh5 $2 exd5 17. exf5 Nb4 18. f6 Nxd3+ 19. Rxd3 Bh8 $17) 16...
fxe4 (16... Rb8 17. Qxh5 $16) 17. Bxe4 (17. Qxe4 $2 f5 18. Qf3 Be8 $17) 17...
f5 18. Rxd6 fxe4 (18... Nxf4 19. Rxd7 fxe4 20. Rxd8 exf3 21. Rxa8 Rxa8 22. Nxa8
$14) 19. Qxh5 Qe8 (19... Rf7 20. Rhd1 $18) 20. Qxe8 Raxe8 21. Nxd7 $16) (15...
fxe4 16. Qxe4 f5 17. gxf6 Nxf6 18. Nxf6+ Rxf6 19. Qxh7+ Kf8 20. Bc4 e6 (20...
Be6 21. Bxe6 Rxe6 22. Rhg1 Rxe3 23. Rxg7 $18) 21. Rxd6 Qc7 (21... Qe7 22. Bc5
$18) (21... Rh6 22. Qd3 Ke8 23. Rd1 Qf6 24. c3 Bc8 25. f5 $16) 22. Rhd1 Rd8 23.
f5 $1 $40) 16. exf5 Qxa2 17. f6 exf6 (17... Nxf6 18. gxf6 exf6 19. Rhg1 Qa1+
20. Kd2 Qxb2 (20... Qa5+ 21. c3 Kh8 22. Qh5 f5 23. Rxg7 Kxg7 24. Qg5+ Kh8 25.
Qf6+ Kg8 26. Rg1#) 21. Bxh7+ Kh8 (21... Kxh7 22. Rxg7+ Kxg7 23. Rg1+ Kh6 24.
f5+ Kh7 25. Qh5#) 22. Qh5 $18) 18. Bxh7+ $3 Kxh7 (18... Kh8 19. Qxh5 $18) 19.
Qxh5+ Kg8 20. gxf6 $18) 15. exf5 Rc8 16. Bb6 Qd7 17. h4 $1 {Aktiviert den Bf1
und entscheidet damit die Partie.} e6 18. f6 Bh8 (18... exd5 19. Bh3 Qe8 20.
Rhe1 $18) 19. Bh3 Rfe8 20. Bg4 {Schwarz hat keinen sinnvollen Zug mehr.} 1-0

[Event "Odorheiu Secuiesc"]
[Site "Odorheiu Secuiesc"]
[Date "1993.??.??"]
[Round "6"]
[White "Sax, Gyula"]
[Black "Neverov, Valeriy"]
[Result "0-1"]
[WhiteElo "2570"]
[BlackElo "2550"]
[Annotator "Boensch,U"]
[PlyCount "106"]
[EventDate "1993.05.??"]
[EventType "tourn"]
[EventRounds "11"]
[EventCountry "ROU"]
[EventCategory "12"]
[SourceTitle "CBM 036"]
[Source "ChessBase"]
[SourceDate "1993.10.01"]
[SourceVersion "1"]
[SourceVersionDate "1993.10.01"]
[SourceQuality "1"]

1. e4 c5 2. Nf3 d6 3. d4 cxd4 4. Nxd4 Nf6 5. Nc3 a6 6. f4 e5 7. Nf3 Nbd7 8. a4
Be7 9. Bd3 O-O 10. O-O exf4 (10... Nc5 11. fxe5 $146 dxe5 12. Kh1 Qd6 13. Bg5
Be6 14. Qe2 Rac8 15. Nh4 Nxd3 $15 {Garcia,G-Rodriuez,AM Bogota 1992 1/2 30
-Inf.56/280}) 11. Kh1 Nh5 $5 $146 (11... Nc5 12. Bxf4 Bd7 13. Qe2 Rc8 14. a5
Re8 15. Be3 Bf8 16. Bg5 Be7 17. Nd2 Bc6 18. Qf2 Rf8 19. Qf5 Bd7 20. Qf3 Bc6 {
1/2 Psakhis,L-Pigusov,E Irkutsk 1986}) (11... Ne5 12. Bxf4 Qc7 13. Qd2 Be6 14.
Nd4 Rac8 15. Nce2 Rfe8 16. Bg5 Nfd7 $10 {Tal,M-Rizzitano,J USA 1988 1/2 39})
12. Nd5 Ndf6 13. Nxf4 Bg4 14. Qe1 Re8 15. Qf2 Rc8 16. Nd4 Nxf4 17. Bxf4 Bh5 18.
Nf5 Bg6 19. Bd2 (19. Nxe7+ Qxe7 20. Bg5 $2 Nxe4 $19) 19... Ng4 20. Nxe7+ (20.
Qg3 Ne5 $10) 20... Qxe7 21. Qf3 (21. Qg3 $2 Nf6 $1 22. Rae1 (22. Bg5 Nxe4 $17)
22... Nxe4 23. Bxe4 Bxe4 24. Bc3 (24. Bh6 f5 25. Rxf5 Bxf5 26. Rxe7 Rxe7 $17)
24... f5 25. Rxf5 Rxc3 26. Qxc3 Bxg2+ 27. Kxg2 Qxe1 $17) 21... Ne5 22. Qg3 Qd7
23. Bc3 Nxd3 24. cxd3 d5 $15 25. exd5 Qxd5 26. Rf3 $6 (26. Rae1 Qxd3 27. Qxd3
Bxd3 28. Rxe8+ Rxe8 29. Re1 Rc8 30. Re7 $15) 26... Re2 27. h3 Rce8 $17 28. Raf1
f6 29. Qf4 Rc2 30. Rg3 Qc6 31. h4 Ree2 32. Rff3 Qd5 33. Qb8+ Re8 34. Qc7 Qh5
35. Qf4 h6 36. Qc4+ Kh7 37. Qf4 Ree2 38. Kh2 b5 39. axb5 axb5 40. Bd4 b4 41. b3
Re1 42. Be3 Rb2 43. Bf2 Rd1 44. Qxb4 Rbb1 45. Rg4 f5 46. Rd4 Bf7 47. Qd6 Rh1+
48. Kg3 Rbf1 49. Be3 g5 $1 $19 50. Rxf1 Rxf1 51. hxg5 hxg5 52. Qe5 f4+ 53. Rxf4
(53. Bxf4 gxf4+ $19) 53... gxf4+ 0-1

[Event "Buenos Aires Sicilian"]
[Site "Buenos Aires"]
[Date "1994.10.29"]
[Round "13"]
[White "Anand, Viswanathan"]
[Black "Polgar, Judit"]
[Result "1-0"]
[WhiteElo "2720"]
[BlackElo "2630"]
[Annotator "Boensch,U"]
[PlyCount "81"]
[EventDate "1994.10.12"]
[EventType "tourn"]
[EventRounds "14"]
[EventCountry "ARG"]
[EventCategory "18"]
[SourceTitle "CBM 044"]
[Source "ChessBase"]
[SourceDate "1995.02.01"]
[SourceVersion "1"]
[SourceVersionDate "1995.02.01"]
[SourceQuality "1"]

1. e4 {Wahls} c5 2. Nf3 d6 3. d4 cxd4 4. Nxd4 Nf6 5. Nc3 a6 6. f4 Nbd7 (6...
Qb6 7. Nb3 Nc6 8. Nd5 Nxd5 9. exd5 Na5 10. Qd4 Qxd4 11. Nxd4 e5 12. Nb3 b6 13.
Be3 exf4 14. Bxb6 $14 {Smirin,I-Azmaiparashvili,Z Elenite (08) 1994 0-1 46
-CBM 44}) 7. Nf3 (7. Be2 {Wahls} e5 8. Nf5 (8. fxe5 Nxe5 (8... dxe5 9. Nf5) 9.
Bg5) 8... Nc5 9. Ng3 Qb6) 7... Qc7 (7... e5 {Wahls} 8. a4) 8. a4 g6 (8... e6 {
Wahls}) 9. Bd3 Bg7 10. O-O O-O (10... b6 11. Qe1 Bb7 12. e5 dxe5 13. fxe5 Ng4
14. e6 fxe6 15. Be4 Nc5 16. Bxb7 Qxb7 17. Qh4 Ne5 18. Bh6 Bf6 19. Bg5 O-O 20.
Nxe5 Bxe5 21. Bxe7 Rf5 22. Rxf5 exf5 23. Re1 Ne4 {1/2-1/2 Kindermann,
S-Hoffmann,M/Muenster (01) 1994}) 11. Kh1 b6 12. Qe1 Bb7 13. Qh4 e6 14. f5 (14.
Be3 Rfe8 (14... Rae8 15. Rae1 Nc5 16. f5 Nxd3 17. cxd3 Nd7 18. Bh6 f6 19. Bxg7
Kxg7 20. fxe6 Rxe6 21. d4 $16 {Balashov,Y-Psakhis,L USSR (ch) 1985 -Inf.39/328}
) 15. Rae1 h6 16. Nd2 Nc5 17. Bd4 Qd8 18. Bg1 Nfd7 19. Qh3 Bc6 20. Nc4 Qc7 $10
{Kindermann,S-Polgar,J Vienna (2) 1991 0-1 52}) (14. Bd2 Rae8 15. Rae1 Nh5 16.
Ng5 h6 17. Nf3 Qd8 18. Qh3 e5 19. f5 Ndf6 20. Bc4 Qc8 21. Bb3 $14 {Sherzer,
A-Gurevich,I USA-ch (12) 1992 1/2 35}) (14. Bd2 {Wahls}) 14... Rae8 {! Wahls:
Schwarz beläßt den Turm auf f8, um die Punkte f8 und f7 überdeckt zu halten.
Seine Verteidigungsstellung ist nun sehr kompakt.} 15. Bg5 (15. Bh6 $1 Qc5 16.
Ng5 Qb4 17. fxe6 fxe6 18. Rab1 d5 19. Rf4 e5 20. Rf3 dxe4 21. Ncxe4 Bxe4 22.
Bxe4 Qe7 23. Bxg7 Kxg7 24. Bd5 Qd6 25. Rd3 Nc5 26. Rdd1 Rd8 27. Bf3 {1-0 Adams,
M-King,D/Oviedo 45' (09) 1992}) (15. fxg6 {Wahls Hiernach kommt Weiß wegen
seiner unterlegenen Bauernstruktur in Schwierigkeiten.} fxg6 16. Bd2 Nh5 17.
Ng5 Rxf1+ 18. Rxf1 Ne5 19. Be2 Nf6 20. Qh3 Bc8 21. Bc1 Re7 22. Qh4 Bb7 23. Nh3
Ne8 24. Bg5 Rf7 25. Bd8 Rxf1+ 26. Bxf1 Qf7 27. Be2 Bf6 28. Bxf6 Qxf6 29. Ng5
Qe7 30. Nd1 a5 31. Ne3 Bxe4 32. Qxe4 Qxg5 33. Qd4 Qd8 34. h3 Nf6 35. Bc4 Kf7
36. Bb3 Qc7 37. Qf4 Qc5 38. Ng4 Nexg4 39. hxg4 g5 {Lederman,L-Pinter,J/
Beersheba 1988/0-1 (57)}) 15... Qc5 {Wahls: Die Dame ist auf dem Wege nach b4.
Von dort aus soll sie Druck gegen b2 und entlang der vierten Reihe ausüben.}
16. Rab1 (16. Bh6 $2 Bxh6 17. Qxh6 Qb4 $15) (16. Nd2 {Wahls} Qb4 17. Nd1 d5 18.
c3 Qd6 19. Nf2 dxe4 20. Bxe4 Bd5 21. c4 Bc6 22. Bf4 e5 23. Bg5 a5 24. Ra3 Nh5
25. Rd3 Qc7 26. Be7 Nc5 27. Bxc5 bxc5 28. Ng4 Rd8 29. Rxd8 Rxd8 30. Bxc6 Rxd2
31. Bd5 Nf4 32. f6 Nxd5 33. fxg7 Qe7 34. Qg3 Kxg7 35. cxd5 Rxb2 36. Nxe5 {
1-0 Antonov,Vladimir-Nikitin,V/cr Yugoslavia 1982}) (16. Rad1 $2 {Wahls
Bebegnet dem Damenausfall unangemessen.} Qb4 17. Bd2 (17. Rb1 exf5 18. exf5
Qxh4 19. Bxh4 Nc5 {Die fiachettierten Läufer entfalten eindeutig mehr Kraft
als ihre klassisch entwickelten Kollegen.}) 17... Qxb2 18. e5 Bxf3 19. Ra1 Nxe5
20. Rfb1 Qxa1 21. Rxa1 Bb7 22. Rb1 Ned7 23. fxe6 fxe6 24. Qc4 Nd5 25. Nxd5 Bxd5
26. Qh4 Nc5 27. Be3 Nxd3 28. cxd3 b5 29. Kg1 Rc8 30. Rc1 Rxc1+ 31. Bxc1 a5 32.
Qg4 b4 {0-1 Bangiev,A-Rashkovsky,N/USSR 20/508 1975}) 16... gxf5 $5 {Wahls:
Dies führt (a la Judit) zu ausgesprochen assymetrischen Strukturen. Der
Normalzug 16...Db4 muß hier natürlich auch in Betracht gezogen werden.} (16...
Qb4 {Wahls} 17. Bd2 exf5 18. Nd5 Qc5 19. b4 Qc8 20. Nxf6+ Bxf6 21. Ng5 Bxg5 22.
Bxg5 fxe4) 17. exf5 e5 18. Rbe1 Kh8 19. Re2 (19. Re3 Rg8 20. Rfe1 $14) 19...
Qc7 20. Rfe1 Rg8 (20... Bxf3 $2 21. gxf3 $16 {^^ /\ Ne4}) 21. Re3 Qc6 22. R3e2
(22. R1e2 {Wahls /\ h3, Nh2-g4}) 22... Qc8 23. Re3 Qa8 24. R1e2 Bc6 25. h3 $1 {
/\ Nh2-g4} Qb7 26. Nh2 d5 27. Ng4 Nxg4 (27... d4 28. Nxf6 Nxf6 $8 29. Bxf6 $1 (
29. Ne4 $5 Nxe4 30. Rxe4 f6 31. Bxf6 Bxe4 32. Bxe4 $40) 29... dxe3 (29... Bxg2+
30. Kh2 dxe3 31. Bxg7+ Rxg7 32. f6 $18) (29... dxc3 30. Rg3 cxb2 31. Qh6 b1=Q+
32. Kh2 $18) 30. Bxg7+ Rxg7 31. f6 Rg6 32. Bxg6 fxg6 33. Qg5 $16) 28. hxg4 f6
29. Rh3 Nf8 30. Bxf6 e4 31. Bxg7+ Qxg7 32. Bxa6 $18 d4 33. Bc4 dxc3 34. f6 $1
Qg6 (34... Qxg4 35. f7 cxb2 36. fxg8=Q+ Qxg8 37. Bxg8 b1=Q+ 38. Re1 $18) 35. f7
Rg7 36. fxe8=Q Bxe8 37. Rxc3 Bxa4 38. Bd5 Bd7 39. Bxe4 Qd6 40. Rd3 Qf4 41. Rf2
1-0